| 000 | 00734nam a22001577a 4500 | ||
|---|---|---|---|
| 003 | OSt | ||
| 005 | 20161105090515.0 | ||
| 008 | 161105b xxu||||| |||| 00| 0 eng d | ||
| 040 | _cRUA | ||
| 082 | _aAGR PRO 2015 B519 Or.1 | ||
| 100 |
_911197 _aPROM RAKSMEYVUTHANA; ព្រុំ រស្មីវឌ្ឍនា |
||
| 245 | _aComparison of celery cabbage ( Brassica compestris) varieties under royal university of agriculture condition; ការប្រៀបធៀបពូជស្ពៃចង្កឹះនៅក្នុងលក្ខខណ្ឌសាកលវិទ្យាល័យភូមិន្ទកសិកម្ម | ||
| 260 |
_aPhnom Penh _bRUA _c2015 |
||
| 300 |
_axii; 37p; _bill; _c29cm; |
||
| 942 |
_2ddc _cAGR |
||
| 999 |
_c10764 _d10764 |
||